ishowspeed - Statistics

General Stats
  • This quiz has been taken 454 times
  • The average score is 5 of 6
Answer Stats
Answer % Correct
Are
100%
you
99%
serious
94%
right
93%
bro
75%
neow
69%
No matching quizzes found
Score Distribution
Percent of People with Each Score
Percentile by Number Answered
Your Score History
You have not taken this quiz